Моделирование процесса плазменной переработки жидких радиоактивных отходов, содержащих облученный графит; Физико-технические проблемы в науке, промышленности и медицине (ФТПНПМ-2019)

Xehetasun bibliografikoak
Parent link:Физико-технические проблемы в науке, промышленности и медицине (ФТПНПМ-2019).— 2019.— [С. 115-116]
Egile nagusia: Беспала Е. В. Евгений Владимирович
Erakunde egilea: Национальный исследовательский Томский политехнический университет
Beste egile batzuk: Чубреев Д. О. Дмитрий Олегович, Беспала Ю. Р.
Gaia:Заглавие с экрана
Hizkuntza:errusiera
Argitaratua: 2019
Saila:Физико-химические и изотопные технологии в науке, промышленности и медицине
Gaiak:
Sarrera elektronikoa:http://earchive.tpu.ru/handle/11683/56776
Formatua: MixedMaterials Baliabide elektronikoa Liburu kapitulua
KOHA link:https://koha.lib.tpu.ru/cgi-bin/koha/opac-detail.pl?biblionumber=630358

MARC

LEADER 00000naa2a2200000 4500
001 630358
005 20241016153240.0
035 |a (RuTPU)RU\TPU\conf\31350 
035 |a RU\TPU\conf\31349 
090 |a 630358 
100 |a 20191029d2019 k y0rusy50 ca 
101 0 |a rus 
102 |a RU 
105 |a y z 101zy 
135 |a drgn ---uucaa 
181 0 |a i  
182 0 |a b 
200 1 |a Моделирование процесса плазменной переработки жидких радиоактивных отходов, содержащих облученный графит  |f Е. В. Беспала, Д. О. Чубреев, Ю. Р. Беспала 
203 |a Текст  |c электронный 
225 1 |a Физико-химические и изотопные технологии в науке, промышленности и медицине 
300 |a Заглавие с экрана 
320 |a [Библиогр.: с. 116 (3 назв.)] 
463 0 |0 (RuTPU)RU\TPU\conf\30850  |t Физико-технические проблемы в науке, промышленности и медицине (ФТПНПМ-2019)  |o сборник научных трудов Международной научно-практической конференции студентов, аспирантов и молодых ученых, г. Томск, 30 сентября - 04 октября 2019 г.  |f Национальный исследовательский Томский политехнический университет (ТПУ) ; под ред. А. Г. Горюнова [и др.]  |v [С. 115-116]  |d 2019 
610 1 |a труды учёных ТПУ 
610 1 |a электронный ресурс 
610 1 |a моделирование процесса 
610 1 |a плазменная переработка 
610 1 |a жидкие отходы 
610 1 |a жидкие радиоактивные отходы 
610 1 |a облученный графит 
610 1 |a уран-графитовые реакторы 
610 1 |a радиоактивные вещества 
700 1 |a Беспала  |b Е. В.  |c инженер-физик  |c доцент Томского политехнического университета, кандидат физико-математических наук  |f 1990-  |g Евгений Владимирович  |y Томск  |9 23116 
701 1 |a Чубреев  |b Д. О.  |c специалист в области ядерных технологий  |c начальник сектора Томского политехнического университета, кандидат физико-математических наук  |f 1989-  |g Дмитрий Олегович  |y Томск  |9 88558 
701 1 |a Беспала  |b Ю. Р. 
712 0 2 |a Национальный исследовательский Томский политехнический университет  |c (2009- )  |3 (RuTPU)RU\TPU\col\15902  |9 26305 
801 2 |a RU  |b 63413507  |c 20191112  |g RCR 
856 4 |u http://earchive.tpu.ru/handle/11683/56776 
942 |c BK